000 01524nmm a2200361 a 4500
003 AR-BaBNM
005 20251128205251.0
008 057019s1986 ||||||||||||||000 | spa||
040 _cAR-BaBNM
100 1 _aJiménez, Jorge E.
245 1 0 _aLa red regional REPLAD
_buna estrategia innovadora para la capacitación de administradores educacionales
260 _aConcepción
_bUnesco
_bOrealc
_bCAE
_c1986
300 0 _a146 p.
_bdiagr., tablas
500 1 _aREPLAD: RED REGIONAL PARA LA CAPACITACION, LA INNOVACION Y LA INVESTIGACION EN LOS CAMPOS DE LA PLANIFICACION Y LA ADMINISTRACION DE LA EDUCACION BASICA Y DE LOS PROGRAMAS DE DE ALFABETIZACION
500 0 _aOREALC: OFICINA REGIONAL DE EDUCACION PARA AMERICA LATINA Y EL CARIBE
500 0 _aCAE: CENTRO DE ADMINISTRACION EDUCACIONAL UNIVERSIDAD DE CONCEPCION DE CHILE
610 2 4 _aReunión de la Conferencia General de la Unesco [21ª]
610 2 4 _aReunión de la Conferencia General de la Unesco [22ª]
610 2 4 _aReunión de la Conferencia General de la Unesco [23ª]
610 2 4 _aReunión de Santa Lucía
650 4 _aEDUCACION BASICA
650 4 _aEDUCACION DE LA PRIMERA INFANCIA
650 4 _aPROGRAMAS DE ALFABETIZACION
650 4 _aDESARROLLO DE LA EDUCACION
650 4 _aADMINISTRACION DE LA EDUCACION
650 4 _aFORMACION DE ADMINISTRADORES
650 4 _aCOOPERACION INTERNACIONAL
651 4 _aCaribe
651 4 _aAmérica Latina
700 1 _aTedesco, Juan Carlos
_eprologuista
942 _cBK
998 _cSILVI
999 _c10665
_d10665